Lengua y literatura 3; trabajos de integración de gramática y discurso /
Guardado en:
| Autor Principal: | |
|---|---|
| Formato: | Libro |
| Publicado: |
Buenos Aires :
Aique,
1989
|
| Edición: | 2a. ed. |
| Materias: | |
| Etiquetas: |
Agregar Etiqueta
Sin Etiquetas, Sea el primero en etiquetar este registro!
|
| LEADER | 01355nam a22002655a 4500 | ||
|---|---|---|---|
| 001 | CEM.cems004209 | ||
| 005 | 20060216000000.0 | ||
| 008 | 130507s1989##################000#0#####d | ||
| 003 | CEMS | ||
| 082 | 0 | 4 | |a 468 |
| 100 | 1 | |a Marín, Marta | |
| 245 | 1 | 0 | |a Lengua y literatura 3; trabajos de integración de gramática y discurso / |
| 250 | |a 2a. ed. | ||
| 260 | |a Buenos Aires : |b Aique, |c 1989 | ||
| 300 | |a 244 p. | ||
| 505 | 0 | |a 1. La evoluci¢n de la lengua. 2. El discurso period¡stico. 3. Narraci¢n period¡stica y literaria. 4. Discurso narrativo, cr¢nica literaria. 5. El discurso de otros. 6. La circunstancia en el discurso. 7. El discurso argumentativo. 8. El discurso dram tico. 9. El discurso l¡rico | |
| 653 | |a Donacion c. basico | ||
| 859 | |a CEMS |b BIB. CEMS - 11 de abril |h 468 |i M338a2/III |p 16055.91 |t Ej.1 | ||
| 859 | |a CEMS |b BIB. CEMS - 11 de abril |h 468 |i M338a2/III |p 16230.91 |t Ej.2 | ||
| 859 | |a CEMS |b BIB. CEMS - 11 de abril |h 468 |i M338a2/III |p 16231.91 |t Ej.3 | ||
| 859 | |a CEMS |b BIB. CEMS - 11 de abril |h 468 |i M338a2/III |p 16232.91 |t Ej.4 | ||
| 859 | |a CEMS |b BIB. CEMS - 11 de abril |h 468 |i M338a2/III |p 16996.93 |t Ej.5 | ||
| 859 | |a CEMS |b BIB. CEMS - 11 de abril |h 468 |i M338a2/III |p 16997.93 |t Ej.6 | ||
| 859 | |a CEMS |b BIB. CEMS - 11 de abril |h 468 |i M338a2/III |p 16998.93 |t Ej.7 | ||
| 859 | |a CEMS |b BIB. CEMS - 11 de abril |h 468 |i M338a2/III |p 22153.03 |t Ej.8 | ||
